000 01446namaa22003251i 4500
005 20260419125839.0
008 260419s1994 ua a|||frm||| 000 0 eng d
040 _aEG-GICUC
_beng
_cEG-GICUC
_dEG-GICUC
_erda
041 0 _aeng
_beng
_bara
049 _aDeposit
097 _aM.Sc
099 _aCai01.12.07.M.Sc.1994.Ma.P
100 0 _aMohamoud Mohamed Ahamed Mohamed,
_epreparation.
245 1 0 _aPreparation and characterization of coordination compounds of some transition metal ions with some hydroxamates and amino acids /
_cBy Mohamoud Mohamed Ahamed Mohamed ; Supervised Prof. E. M. Khairy, Prof. M. M. Shoukry, Dr. M. M. Khalil
246 1 5 _aتحضير ودراسة خواص بعض العناصر الانتقالية مع بعض الهيدروكزاميات و الاحناض الامينية
264 0 _c1994.
300 _a128 Leaves
_billustrations
_c30 cm. +
336 _2rda content
_atext
337 _2rdamedia
_aUnmediated
338 _2rdacarrier
_avolume
502 _aThesis (M.Sc.)-Cairo University, 1994
504 _aBibliography: pages 119-128
653 0 _asome hydroxamates and amino acids
700 0 _aE. M. Khairy
_ethesis advisor.
700 0 _aM. M. Shoukry
_ethesis advisor.
700 0 _aM. M. Khalil
_ethesis advisor.
900 _DDepartment of Chemistry
_FFaculty of Science
_UCairo University
_b1994
_cE. M. Khairy
_cM. M. Shoukry
_c M. M. Khalil
905 _aNehad
942 _2ddc
_cTH
_e21
_n0
999 _c179575